[Event "Ruhrgebiet Regionalliga 1819"]
[Site "Nordrheinwestfalen"]
[Date "2019.01.27"]
[Round "6.1"]
[White "Bee, Marcus"]
[Black "Weidemann, Christian"]
[Result "1/2-1/2"]
[WhiteElo "2143"]
[BlackElo "2290"]
[PlyCount "89"]
[EventDate "2018.09.02"]
[EventType "team-tourn"]
[EventRounds "11"]
[EventCountry "GER"]
[SourceTitle "EXT 2022"]
[Source "ChessBase"]
[SourceDate "2021.10.06"]
[SourceVersion "1"]
[SourceVersionDate "2021.10.06"]
[SourceQuality "1"]
[WhiteTeam "Essen Katernberg II"]
[BlackTeam "Kamen SV"]
[WhiteTeamCountry "GER"]
[BlackTeamCountry "GER"]

1. Nf3 g6 2. c4 Bg7 3. g3 Nf6 4. Bg2 0-0 5. 0-0 c5 6. Nc3 Nc6 7. d3 a6 8. a3 Rb8 9. Rb1 b5 10. cxb5 axb5 11. b4 cxb4 12. axb4 e5 13. Bg5 d5 14. Nd2 Be6 15. Nb3 h6 16. Bxf6 Bxf6 17. Nc5 Be7 18. Nxe6 fxe6 19. Qc1 Bg5 20. e3 Qd6 21. Qd1 Kg7 22. Qg4 Be7 23. Rfc1 Nxb4 24. d4 e4 25. Bf1 h5 26. Qd1 Qd7 27. Rb3 Nd3 28. Bxd3 exd3 29. Qxd3 Rfc8 30. Rcb1 b4 31. Ne2 Qb5 32. Nf4 Qxd3 33. Nxd3 Rc4 34. Ne5 Rc2 35. Nd3 Rc4 36. Ne5 Bd6 37. Nd3 Kf6 38. Kg2 g5 39. h3 Kf5 40. R1b2 Rb7 41. Kf3 g4+ 42. hxg4+ hxg4+ 43. Ke2 Rb8 44. Kd2 Rb6 45. Ke2 1/2-1/2

[Event "Ruhrgebiet Regionalliga 1819"]
[Site "Nordrheinwestfalen"]
[Date "2018.10.28"]
[Round "3.1"]
[White "Weidemann, Christian"]
[Black "Fuellgrabe, Thomas"]
[Result "0-1"]
[WhiteElo "2290"]
[BlackElo "2232"]
[PlyCount "92"]
[EventDate "2018.09.02"]
[EventType "team-tourn"]
[EventRounds "11"]
[EventCountry "GER"]
[SourceTitle "EXT 2022"]
[Source "ChessBase"]
[SourceDate "2021.10.06"]
[SourceVersion "1"]
[SourceVersionDate "2021.10.06"]
[SourceQuality "1"]
[WhiteTeam "Kamen SV"]
[BlackTeam "Welper SV"]
[WhiteTeamCountry "GER"]
[BlackTeamCountry "GER"]

1. e4 e5 2. Nf3 Nc6 3. Nc3 Nf6 4. Bb5 Bc5 5. Nxe5 Nxe5 6. d4 Bd6 7. f4 Nc6 8. e5 Bb4 9. exf6 Qxf6 10. Be3 d5 11. 0-0 Bxc3 12. bxc3 Bf5 13. c4 0-0-0 14. cxd5 Nb4 15. Bf2 Nxc2 16. Rc1 Qg6 17. Qd2 Be4 18. Bg3 Rxd5 19. Bc4 Rxd4 20. Qc3 Rhd8 21. Rf2 Qc6 22. Rfxc2 Bxc2 23. Rxc2 Rxc4 24. Qxc4 Rd1+ 25. Be1 Rxe1+ 26. Kf2 Qxc4 27. Rxc4 Rb1 28. Rc2 a5 29. Ke3 Rb4 30. g4 b6 31. h4 Ra4 32. h5 Kd7 33. g5 c5 34. Kf3 Rd4 35. Rh2 b5 36. f5 Rd6 37. Kf4 c4 38. Rc2 a4 39. Ke5 f6+ 40. gxf6 gxf6+ 41. Ke4 Kc6 42. a3 Kc5 43. Rg2 c3 44. h6 Kc4 45. Rg7 c2 46. Rxh7 Rc6 0-1

[Event "NRW Class2 1718"]
[Site "Germany"]
[Date "2017.11.19"]
[Round "3.1"]
[White "Borovikov, Vladislav"]
[Black "Weidemann, Christian"]
[Result "1-0"]
[WhiteElo "2474"]
[BlackElo "2278"]
[PlyCount "63"]
[EventDate "2017.09.17"]
[EventType "team-tourn"]
[EventRounds "9"]
[EventCountry "GER"]
[SourceTitle "EXT 2019"]
[Source "ChessBase"]
[SourceDate "2018.10.10"]
[SourceVersion "1"]
[SourceVersionDate "2018.10.10"]
[SourceQuality "1"]
[WhiteTeam "Siegburg"]
[BlackTeam "Kamen"]
[WhiteTeamCountry "GER"]
[BlackTeamCountry "GER"]

1. d4 Nf6 2. Nf3 d5 3. Bf4 c5 4. e3 Nc6 5. Nbd2 cxd4 6. exd4 Qb6 7. Nb3 Bg4 8. h3 Bh5 9. g4 Bg6 10. Nh4 e6 11. c3 Be7 12. Nxg6 hxg6 13. Bg2 a5 14. Qe2 a4 15. Nc1 Ne4 16. a3 g5 17. Bh2 Rc8 18. Nd3 Na5 19. 0-0 Nb3 20. Rad1 Bxa3 21. bxa3 Nxc3 22. Qe3 Nxd1 23. Rxd1 Qd8 24. Nc5 Nxc5 25. dxc5 0-0 26. Bd6 Re8 27. Rb1 Rc6 28. Rxb7 Rxd6 29. cxd6 Qxd6 30. Rb4 Qa6 31. Bxd5 Rd8 32. Bf3 1-0

[Event "NRW Class2 1718"]
[Site "Germany"]
[Date "2017.10.15"]
[Round "2.1"]
[White "Weidemann, Christian"]
[Black "Bee, Marcus"]
[Result "1/2-1/2"]
[WhiteElo "2278"]
[BlackElo "2110"]
[PlyCount "30"]
[EventDate "2017.09.17"]
[EventType "team-tourn"]
[EventRounds "9"]
[EventCountry "GER"]
[SourceTitle "EXT 2019"]
[Source "ChessBase"]
[SourceDate "2018.10.10"]
[SourceVersion "1"]
[SourceVersionDate "2018.10.10"]
[SourceQuality "1"]
[WhiteTeam "Kamen"]
[BlackTeam "Essen Katernberg  II"]
[WhiteTeamCountry "GER"]
[BlackTeamCountry "GER"]

1. d4 d5 2. Nf3 c5 3. e3 Nc6 4. c3 e6 5. Nbd2 f5 6. Ne5 Nf6 7. f4 Be7 8. Bd3 0-0 9. 0-0 Bd7 10. Ndf3 Be8 11. Ng5 Bd7 12. Bd2 Nxe5 13. fxe5 Ne4 14. Nxe4 fxe4 15. Rxf8+ Bxf8 1/2-1/2

[Event "NRW Class1 1516"]
[Site "Germany"]
[Date "2016.03.06"]
[Round "7.1"]
[White "Savchenko, Viacheslav"]
[Black "Weidemann, Christian"]
[Result "1/2-1/2"]
[WhiteElo "2321"]
[BlackElo "2297"]
[PlyCount "110"]
[EventDate "2015.09.27"]
[EventType "team-tourn"]
[EventRounds "9"]
[EventCountry "GER"]
[SourceTitle "EXT 2017"]
[Source "ChessBase"]
[SourceDate "2016.10.25"]
[SourceVersion "1"]
[SourceVersionDate "2016.10.25"]
[SourceQuality "1"]
[WhiteTeam "Wuppertal Bahn"]
[BlackTeam "Kamen"]
[WhiteTeamCountry "GER"]
[BlackTeamCountry "GER"]

1. e4 c5 2. Nf3 Nf6 3. Nc3 e6 4. d4 cxd4 5. Nxd4 Nc6 6. Be2 Bb4 7. 0-0 Bxc3 8. bxc3 Nxe4 9. Qd3 d5 10. Ba3 f6 11. Rfd1 Nxd4 12. cxd4 Bd7 13. c4 Bc6 14. Rac1 Kf7 15. cxd5 exd5 16. Qh3 g6 17. Bd3 Kg7 18. Bxe4 dxe4 19. d5 Bd7 20. Qe3 Re8 21. Bb2 a6 22. Rc4 Bb5 23. Rcd4 Qb6 24. Qb3 Qd6 25. Ba3 Qd7 26. h3 Rac8 27. d6 Re6 28. Qe3 Rce8 29. Bb2 Bc6 30. Qf4 Rd8 31. h4 Rf8 32. Rc4 Rd8 33. h5 Qf7 34. Rc5 Rd7 35. g4 Kg8 36. Ba3 e3 37. h6 Re4 38. Qxe4 exf2+ 39. Kxf2 Bxe4 40. Rc8+ Qf8 41. Rxf8+ Kxf8 42. Ke3 Bc6 43. Kd4 Kf7 44. Kc5 Bf3 45. Rd4 g5 46. Kb6 Kg6 47. Ka7 f5 48. gxf5+ Kxf5 49. Kb8 g4 50. Kc8 Ke6 51. Rd3 Bc6 52. Re3+ Kf5 53. Rc3 Ke6 54. Re3+ Kf5 55. Rc3 Ke6 1/2-1/2

[Event "NRW Class1 1516"]
[Site "Germany"]
[Date "2015.09.27"]
[Round "1.1"]
[White "Bitalzadeh, Ali"]
[Black "Weidemann, Christian"]
[Result "0-1"]
[WhiteElo "2363"]
[BlackElo "2297"]
[PlyCount "84"]
[EventDate "2015.09.27"]
[EventType "team-tourn"]
[EventRounds "9"]
[EventCountry "GER"]
[SourceTitle "EXT 2017"]
[Source "ChessBase"]
[SourceDate "2016.10.25"]
[SourceVersion "1"]
[SourceVersionDate "2016.10.25"]
[SourceQuality "1"]
[WhiteTeam "Erkenschwick"]
[BlackTeam "Kamen"]
[WhiteTeamCountry "GER"]
[BlackTeamCountry "GER"]

1. c4 e5 2. Nc3 Bb4 3. g3 Nf6 4. Bg2 0-0 5. d3 c6 6. Nf3 d5 7. 0-0 Re8 8. cxd5 cxd5 9. Bg5 Bxc3 10. bxc3 h6 11. Bxf6 Qxf6 12. Qb3 Rd8 13. Nd2 Qe6 14. c4 dxc4 15. Nxc4 Nc6 16. Qb2 Re8 17. Rac1 Bd7 18. Qxb7 Rab8 19. Qc7 Rec8 20. Qd6 Nd4 21. Rce1 Qxd6 22. Nxd6 Rc2 23. e3 Ne2+ 24. Kh1 Be6 25. a3 Rd8 26. Nc4 Rxd3 27. Nxe5 Rxa3 28. Rb1 Nc3 29. Rb8+ Kh7 30. Rb7 Raa2 31. Rc7 a5 32. Nf3 Nb5 33. Ng5+ Kg8 34. Rd1 Rd2 35. Rxd2 Rxd2 36. Nxe6 Nxc7 37. Nxc7 Rd1+ 38. Bf1 Rxf1+ 39. Kg2 Rb1 40. Nd5 a4 41. Nc3 Rb4 42. Kf3 a3 0-1

[Event "NRW Class1 1415"]
[Site "Germany"]
[Date "2015.03.01"]
[Round "7.1"]
[White "Stanetzek, Carsten"]
[Black "Weidemann, Christian"]
[Result "1/2-1/2"]
[WhiteElo "2193"]
[BlackElo "2224"]
[PlyCount "38"]
[EventDate "2014.09.14"]
[EventType "team-tourn"]
[EventRounds "9"]
[EventCountry "GER"]
[SourceTitle "EXT 2017"]
[Source "ChessBase"]
[SourceDate "2016.10.25"]
[SourceVersion "1"]
[SourceVersionDate "2016.10.25"]
[SourceQuality "1"]
[WhiteTeam "Niederkassel"]
[BlackTeam "Kamen"]
[WhiteTeamCountry "GER"]
[BlackTeamCountry "GER"]

1. e4 c5 2. Nf3 Nc6 3. Bb5 g6 4. Bxc6 bxc6 5. d3 Bg7 6. Nbd2 d6 7. 0-0 Nf6 8. e5 Nh5 9. exd6 exd6 10. Re1+ Be6 11. Rb1 0-0 12. b3 h6 13. Nc4 Qd7 14. Bb2 Bxb2 15. Rxb2 Rae8 16. Nfd2 f5 17. Rb1 Kh7 18. Nf3 Bd5 19. Ne3 Bf7 1/2-1/2

[Event "NRW Class1 1415"]
[Site "Germany"]
[Date "2015.02.08"]
[Round "6.1"]
[White "Weidemann, Christian"]
[Black "Lupor, Stefan"]
[Result "1/2-1/2"]
[WhiteElo "2224"]
[BlackElo "2219"]
[PlyCount "161"]
[EventDate "2014.09.14"]
[EventType "team-tourn"]
[EventRounds "9"]
[EventCountry "GER"]
[SourceTitle "EXT 2017"]
[Source "ChessBase"]
[SourceDate "2016.10.25"]
[SourceVersion "1"]
[SourceVersionDate "2016.10.25"]
[SourceQuality "1"]
[WhiteTeam "Kamen"]
[BlackTeam "Ennepe Ruhr Sued"]
[WhiteTeamCountry "GER"]
[BlackTeamCountry "GER"]

1. e4 e6 2. d4 d5 3. Nd2 Nf6 4. Bd3 c5 5. c3 cxd4 6. cxd4 dxe4 7. Nxe4 Bd7 8. Nf3 Nxe4 9. Bxe4 Bb4+ 10. Bd2 Bxd2+ 11. Qxd2 Bc6 12. Bxc6+ Nxc6 13. 0-0 0-0 14. Rad1 Qd5 15. b3 Rad8 16. Rfe1 h6 17. Qf4 Qa5 18. Re2 Rd5 19. h3 Rfd8 20. Red2 Qb4 21. Qe3 a6 22. Rd3 Qa3 23. R3d2 Qd6 24. Kf1 Qb4 25. Kg1 Ne7 26. Qf4 Qd6 27. Qxd6 R5xd6 28. Rc1 Nc6 29. Rcd1 Kf8 30. Kf1 Ke7 31. g3 R6d7 32. Ke2 Rd5 33. Ke3 Ra5 34. Rc1 f6 35. Rc5 Rd5 36. Rxd5 Rxd5 37. Ne1 Rd7 38. f4 Nb4 39. a3 Nd5+ 40. Kd3 Kd6 41. h4 h5 42. Ng2 Rc7 43. Rc2 Rxc2 44. Kxc2 f5 45. Kd3 Nf6 46. Ne3 Ne4 47. Nf1 g6 48. Ke3 Kc6 49. Kd3 Nd6 50. Ne3 Ne4 51. Nc4 Nxg3 52. Ne5+ Kd6 53. Nxg6 Ne4 54. Nf8 Nf6 55. Ng6 Nd5 56. Kc4 b5+ 57. Kd3 a5 58. Kd2 Kc7 59. Ke2 a4 60. bxa4 bxa4 61. Kd3 Kc6 62. Kc4 Kb6 63. Ne5 Nxf4 64. Kb4 Ne2 65. Kc4 f4 66. d5 exd5+ 67. Kxd5 Nc3+ 68. Kc4 Nb5 69. Kb4 Nd4 70. Kxa4 f3 71. Nd3 Nf5 72. Kb4 Nxh4 73. Kc4 Ng6 74. Kd4 Kb5 75. a4+ Kxa4 76. Ke3 Kb3 77. Kxf3 Kc3 78. Nf4 Nxf4 79. Kxf4 Kd4 80. Kg5 Ke5 81. Kxh5 1/2-1/2

[Event "NRW Class1 1415"]
[Site "Germany"]
[Date "2014.12.14"]
[Round "4.1"]
[White "Weidemann, Christian"]
[Black "Wehmeier, Stefan"]
[Result "1/2-1/2"]
[WhiteElo "2224"]
[BlackElo "2407"]
[PlyCount "42"]
[EventDate "2014.09.14"]
[EventType "team-tourn"]
[EventRounds "9"]
[EventCountry "GER"]
[SourceTitle "EXT 2017"]
[Source "ChessBase"]
[SourceDate "2016.10.25"]
[SourceVersion "1"]
[SourceVersionDate "2016.10.25"]
[SourceQuality "1"]
[WhiteTeam "Kamen"]
[BlackTeam "Lippstadt Turm"]
[WhiteTeamCountry "GER"]
[BlackTeamCountry "GER"]

1. e4 e5 2. Nf3 Nc6 3. Bb5 a6 4. Ba4 Nf6 5. 0-0 Be7 6. d4 exd4 7. e5 Ne4 8. Nxd4 Nxd4 9. Qxd4 Nc5 10. Nc3 Nxa4 11. Qxa4 0-0 12. Nd5 c6 13. Nxe7+ Qxe7 14. Qd4 f6 15. exf6 Qxf6 16. Qxf6 Rxf6 17. Re1 d5 18. Re8+ Rf8 19. Rxf8+ Kxf8 20. Be3 Bf5 21. c3 Re8 1/2-1/2

[Event "NRW Class1 1415"]
[Site "Germany"]
[Date "2014.10.05"]
[Round "2.1"]
[White "Bitalzadeh, Ali"]
[Black "Weidemann, Christian"]
[Result "0-1"]
[WhiteElo "2357"]
[BlackElo "2224"]
[PlyCount "66"]
[EventDate "2014.09.14"]
[EventType "team-tourn"]
[EventRounds "9"]
[EventCountry "GER"]
[SourceTitle "EXT 2017"]
[Source "ChessBase"]
[SourceDate "2016.10.25"]
[SourceVersion "1"]
[SourceVersionDate "2016.10.25"]
[SourceQuality "1"]
[WhiteTeam "Erkenschwick"]
[BlackTeam "Kamen"]
[WhiteTeamCountry "GER"]
[BlackTeamCountry "GER"]

1. c4 Nf6 2. Nc3 d5 3. cxd5 Nxd5 4. g3 e5 5. Bg2 Be6 6. Nf3 Nc6 7. 0-0 Nb6 8. d3 f6 9. Be3 Qd7 10. Rc1 Be7 11. Ne4 Nd5 12. Bc5 b6 13. Bxe7 Ndxe7 14. Qc2 Rc8 15. a3 0-0 16. b4 Nd4 17. Nxd4 exd4 18. Qb2 Rfd8 19. Rc2 Qb5 20. Rfc1 c6 21. Nd2 Bd5 22. Bh3 Rb8 23. a4 Qa6 24. Nc4 c5 25. bxc5 bxc5 26. Qa3 Rb4 27. Nd2 Qxa4 28. Qxa4 Rxa4 29. Rxc5 Ra2 30. Nf3 Rxe2 31. Nxd4 Rd2 32. Bf1 Rb8 33. Re1 Kf8 0-1

[Event "Ruhrgebiet Regionalliga 1314"]
[Site "Ruhrgebiet"]
[Date "2014.01.19"]
[Round "5.1"]
[White "Weidemann, Christian"]
[Black "Koscielski, Janusch"]
[Result "1/2-1/2"]
[WhiteElo "2247"]
[BlackElo "2299"]
[PlyCount "29"]
[EventDate "2013.09.22"]
[EventType "team-tourn"]
[EventRounds "9"]
[EventCountry "GER"]
[SourceTitle "EXT 2024"]
[Source "ChessBase"]
[SourceDate "2023.10.10"]
[SourceVersion "1"]
[SourceVersionDate "2023.10.10"]
[SourceQuality "1"]
[WhiteTeam "Kamen"]
[BlackTeam "Herne Sodingen II"]
[WhiteTeamCountry "GER"]
[BlackTeamCountry "GER"]

1. e4 c5 2. c3 d5 3. exd5 Qxd5 4. d4 Nf6 5. Nf3 Bg4 6. Nbd2 Nc6 7. Bc4 Bxf3 8. Qxf3 Qxf3 9. Nxf3 cxd4 10. Nxd4 Nxd4 11. cxd4 e6 12. Bb5+ Kd8 13. 0-0 Bd6 14. Bg5 h6 15. Bxf6+ 1/2-1/2

[Event "Ruhrgebiet Regionalliga 1314"]
[Site "Ruhrgebiet"]
[Date "2013.12.01"]
[Round "4.1"]
[White "Grosse Frintrop, Gerd"]
[Black "Weidemann, Christian"]
[Result "0-1"]
[WhiteElo "1946"]
[BlackElo "2247"]
[PlyCount "92"]
[EventDate "2013.09.22"]
[EventType "team-tourn"]
[EventRounds "9"]
[EventCountry "GER"]
[SourceTitle "EXT 2024"]
[Source "ChessBase"]
[SourceDate "2023.10.10"]
[SourceVersion "1"]
[SourceVersionDate "2023.10.10"]
[SourceQuality "1"]
[WhiteTeam "Buer"]
[BlackTeam "Kamen"]
[WhiteTeamCountry "GER"]
[BlackTeamCountry "GER"]

1. d4 Nf6 2. c4 g6 3. f3 d5 4. cxd5 Nxd5 5. e4 Nb6 6. Nc3 Bg7 7. Be3 0-0 8. Qd2 Nc6 9. 0-0-0 f5 10. Bh6 Qxd4 11. Bxg7 Qxg7 12. exf5 Bxf5 13. Qe3 Rad8 14. Rxd8 Rxd8 15. g4 Bc8 16. Be2 Qd4 17. Qxd4 Nxd4 18. h4 Be6 19. h5 Nd5 20. hxg6 hxg6 21. Bc4 Nxc3 22. Bxe6+ Nxe6 23. bxc3 Rd3 24. Kc2 Nf4 25. Rh2 c5 26. Kb3 b5 27. Kc2 c4 28. Rf2 Kf7 29. Rh2 Nd5 30. Re2 Rxc3+ 31. Kb2 Re3 32. Rxe3 Nxe3 33. Kc3 Nd5+ 34. Kd4 Nf4 35. g5 Ne6+ 36. Kc3 Nxg5 37. Kb4 a6 38. a3 Ke6 39. f4 Ne4 40. Ne2 Kd5 41. Ka5 Kc5 42. Kxa6 c3 43. Kb7 c2 44. Kc7 Nc3 45. Nc1 Nd5+ 46. Kd7 Nxf4 0-1

[Event "Ruhrgebiet Regionalliga 1314"]
[Site "Ruhrgebiet"]
[Date "2013.11.10"]
[Round "3.1"]
[White "Ozerov, Ilja"]
[Black "Weidemann, Christian"]
[Result "1/2-1/2"]
[WhiteElo "2091"]
[BlackElo "2247"]
[PlyCount "82"]
[EventDate "2013.09.22"]
[EventType "team-tourn"]
[EventRounds "9"]
[EventCountry "GER"]
[SourceTitle "EXT 2024"]
[Source "ChessBase"]
[SourceDate "2023.10.10"]
[SourceVersion "1"]
[SourceVersionDate "2023.10.10"]
[SourceQuality "1"]
[WhiteTeam "Muelheim Nord III"]
[BlackTeam "Kamen"]
[WhiteTeamCountry "GER"]
[BlackTeamCountry "GER"]

1. e4 e5 2. Bc4 Nf6 3. d3 Bc5 4. Nc3 d6 5. f4 Nc6 6. Nf3 a6 7. Nd5 Nxd5 8. Bxd5 Bg4 9. c3 Qd7 10. fxe5 dxe5 11. Bxc6 Qxc6 12. Nxe5 Bxd1 13. Nxc6 Bc2 14. Ne5 f6 15. Kd2 fxe5 16. Kxc2 0-0 17. Bg5 Rf2+ 18. Kb3 Rxg2 19. Bh4 Bf2 20. Be7 Re8 21. Ba3 g5 22. Rac1 b5 23. Rc2 Rg1 24. Rxg1 Bxg1 25. Rg2 Be3 26. h4 h6 27. hxg5 hxg5 28. Kc2 Kf7 29. Kd1 Kg6 30. Ke2 Bc1 31. Rg1 Bf4 32. Rh1 g4 33. Bc5 Re6 34. Rh8 Kg5 35. Kf2 Rh6 36. Rxh6 Kxh6 37. c4 c6 38. Bd6 Kg5 39. Be7+ Kg6 40. Bd6 Kg5 41. Be7+ Kg6 1/2-1/2

[Event "Ruhrgebiet Regionalliga 1213"]
[Site "Nordrheinwestfalen"]
[Date "2013.04.14"]
[Round "8.1"]
[White "Weidemann, Christian"]
[Black "Leveikina, Jevgenija"]
[Result "1/2-1/2"]
[WhiteElo "2265"]
[BlackElo "2000"]
[PlyCount "51"]
[EventDate "2012.09.09"]
[EventType "team-tourn"]
[EventRounds "9"]
[EventCountry "GER"]
[SourceTitle "EXT 2020"]
[Source "ChessBase"]
[SourceDate "2019.10.17"]
[SourceVersion "1"]
[SourceVersionDate "2019.10.17"]
[SourceQuality "1"]
[WhiteTeam "Kamen SV"]
[BlackTeam "Herne Sodingen II"]
[WhiteTeamCountry "GER"]
[BlackTeamCountry "GER"]

1. e4 c6 2. Nf3 d5 3. Nc3 dxe4 4. Nxe4 Nf6 5. Qe2 Nxe4 6. Qxe4 Nd7 7. d4 Nf6 8. Qe2 Bg4 9. Be3 e6 10. h3 Bxf3 11. Qxf3 Qd5 12. Be2 Qxf3 13. Bxf3 Nd5 14. Bd2 Be7 15. 0-0 0-0 16. c4 Nb6 17. b3 Bf6 18. Bc3 Rad8 19. Rad1 Rd7 20. a4 Nc8 21. Rd3 Rfd8 22. Rfd1 Ne7 23. b4 a6 24. Be4 b5 25. cxb5 cxb5 26. axb5 1/2-1/2

[Event "Ruhrgebiet Regionalliga 1213"]
[Site "Nordrheinwestfalen"]
[Date "2013.01.27"]
[Round "5.1"]
[White "Weidemann, Christian"]
[Black "Happel, Heiner"]
[Result "1/2-1/2"]
[WhiteElo "2265"]
[BlackElo "2186"]
[PlyCount "54"]
[EventDate "2012.09.09"]
[EventType "team-tourn"]
[EventRounds "9"]
[EventCountry "GER"]
[SourceTitle "EXT 2020"]
[Source "ChessBase"]
[SourceDate "2019.10.17"]
[SourceVersion "1"]
[SourceVersionDate "2019.10.17"]
[SourceQuality "1"]
[WhiteTeam "Kamen SV"]
[BlackTeam "Koenigsspringer Hamm"]
[WhiteTeamCountry "GER"]
[BlackTeamCountry "GER"]

1. e4 c5 2. Nf3 e6 3. c4 Nc6 4. Nc3 Nf6 5. Be2 d5 6. exd5 exd5 7. d4 cxd4 8. Nxd4 Be7 9. cxd5 Nxd5 10. Nxc6 bxc6 11. Nxd5 cxd5 12. 0-0 0-0 13. Be3 Bf6 14. Bd4 Be6 15. Qd2 Bxd4 16. Qxd4 Qa5 17. Rfd1 Rac8 18. a3 Rc2 19. Bd3 Rc6 20. Rac1 Rfc8 21. Rxc6 Rxc6 22. h3 Qc7 23. Be2 h6 24. Bd3 Rc5 25. Bb1 Rc1 26. Ba2 Rxd1+ 27. Qxd1 Qe5 1/2-1/2

[Event "Ruhrgebiet Regionalliga 1213"]
[Site "Nordrheinwestfalen"]
[Date "2012.12.09"]
[Round "4.1"]
[White "Ueter, Heinz Dieter"]
[Black "Weidemann, Christian"]
[Result "1-0"]
[WhiteElo "2181"]
[BlackElo "2265"]
[PlyCount "69"]
[EventDate "2012.09.09"]
[EventType "team-tourn"]
[EventRounds "9"]
[EventCountry "GER"]
[SourceTitle "EXT 2020"]
[Source "ChessBase"]
[SourceDate "2019.10.17"]
[SourceVersion "1"]
[SourceVersionDate "2019.10.17"]
[SourceQuality "1"]
[WhiteTeam "Ahlen SV"]
[BlackTeam "Kamen SV"]
[WhiteTeamCountry "GER"]
[BlackTeamCountry "GER"]

1. e4 c5 2. Nf3 Nc6 3. d4 cxd4 4. Nxd4 Nf6 5. Nc3 e5 6. Ndb5 d6 7. Bg5 a6 8. Na3 b5 9. Nd5 Be7 10. Bxf6 Bxf6 11. Nb1 Rb8 12. b4 Be6 13. Nbc3 0-0 14. a4 Nxb4 15. Nxb4 Qa5 16. Nca2 Rfc8 17. Qd2 Bg5 18. Qxg5 Rxc2 19. Kd1 Rb2 20. Bd3 Bxa2 21. Rxa2 Qxb4 22. Rxb2 Qxb2 23. axb5 Rc8 24. Rf1 axb5 25. Qd2 Qd4 26. Ke2 b4 27. Rb1 Rc3 28. Qe3 Qc5 29. Qxc5 dxc5 30. Bb5 b3 31. Rb2 c4 32. Bc6 Rd3 33. Bd5 Rd4 34. Rd2 b2 35. Rxb2 1-0

[Event "Ruhrgebiet Regionalliga 1213"]
[Site "Nordrheinwestfalen"]
[Date "2012.10.14"]
[Round "2.1"]
[White "Schuetze, Andre"]
[Black "Weidemann, Christian"]
[Result "0-1"]
[WhiteElo "2145"]
[BlackElo "2265"]
[PlyCount "56"]
[EventDate "2012.09.09"]
[EventType "team-tourn"]
[EventRounds "9"]
[EventCountry "GER"]
[SourceTitle "EXT 2020"]
[Source "ChessBase"]
[SourceDate "2019.10.17"]
[SourceVersion "1"]
[SourceVersionDate "2019.10.17"]
[SourceQuality "1"]
[WhiteTeam "Horst Emscher"]
[BlackTeam "Kamen SV"]
[WhiteTeamCountry "GER"]
[BlackTeamCountry "GER"]

1. Nf3 e6 2. c4 d5 3. g3 dxc4 4. Qa4+ Nd7 5. Bg2 a6 6. Qxc4 b5 7. Qc2 Bb7 8. 0-0 Ngf6 9. d3 c5 10. a4 Be7 11. axb5 axb5 12. Rxa8 Qxa8 13. Na3 Bc6 14. Bg5 0-0 15. Rc1 h6 16. Bf4 Rc8 17. Qb3 Qb7 18. h3 Nb6 19. Be3 Na4 20. Qc2 Nd5 21. Bd2 Bf6 22. Rb1 Nb4 23. Qc1 Nxd3 24. exd3 Bxf3 25. Bxf3 Qxf3 26. b3 Bd4 27. Be3 Nc3 28. Rb2 Ra8 0-1

[Event "Biel MTO op 45th"]
[Site "Biel"]
[Date "2012.07.31"]
[Round "8"]
[White "Weidemann, Christian"]
[Black "Ulybin, Mikhail"]
[Result "0-1"]
[WhiteElo "2299"]
[BlackElo "2531"]
[PlyCount "52"]
[EventDate "2012.07.23"]
[EventType "swiss"]
[EventRounds "11"]
[EventCountry "SUI"]
[SourceTitle "CBM 149 Extra"]
[Source "ChessBase"]
[SourceDate "2012.08.24"]
[SourceVersion "1"]
[SourceVersionDate "2012.08.24"]
[SourceQuality "1"]

1. e4 e6 2. d4 d5 3. Nd2 Nf6 4. Bd3 c5 5. c3 cxd4 6. cxd4 dxe4 7. Nxe4 Bb4+ 8. Nc3 0-0 9. Nf3 b6 10. 0-0 Bb7 11. Bg5 Bxc3 12. bxc3 Nbd7 13. Re1 Qc7 14. Rc1 Rac8 15. c4 h6 16. Bh4 Nh5 17. Ne5 Nxe5 18. Rxe5 Nf4 19. Qg4 f6 20. Qxf4 fxe5 21. Qg4 Rf4 22. Qg6 e4 23. Qxe6+ Kh8 24. Bg3 exd3 25. Qe3 Re4 26. Qxd3 Qxc4 0-1

[Event "Biel MTO op 45th"]
[Site "Biel"]
[Date "2012.07.30"]
[Round "7"]
[White "Hungaski, Robert Andrew"]
[Black "Weidemann, Christian"]
[Result "1/2-1/2"]
[WhiteElo "2488"]
[BlackElo "2299"]
[PlyCount "123"]
[EventDate "2012.07.23"]
[EventType "swiss"]
[EventRounds "11"]
[EventCountry "SUI"]
[SourceTitle "CBM 149 Extra"]
[Source "ChessBase"]
[SourceDate "2012.08.24"]
[SourceVersion "1"]
[SourceVersionDate "2012.08.24"]
[SourceQuality "1"]

1. Nf3 c5 2. c4 Nc6 3. Nc3 e5 4. g3 g6 5. Bg2 Bg7 6. 0-0 Nge7 7. Ne1 d6 8. Nc2 Be6 9. Ne3 0-0 10. Ned5 Qd7 11. Qa4 Rae8 12. e3 Bh3 13. Ne4 Nxd5 14. cxd5 Nb4 15. Qxd7 Bxd7 16. Nxd6 Rb8 17. a3 Nd3 18. Be4 Nxc1 19. Rfxc1 f5 20. Bg2 b5 21. b4 cxb4 22. axb4 Rb6 23. Rc6 Bxc6 24. dxc6 e4 25. Rc1 Be5 26. Nb7 Rc8 27. Na5 Bd6 28. Rb1 Ra6 29. f3 Bxb4 30. Rxb4 Rxa5 31. fxe4 Rxc6 32. exf5 Rc2 33. Rd4 b4 34. Be4 Rc1+ 35. Kf2 gxf5 36. Bd3 b3 37. Rb4 Ra2 38. Rxb3 Rxd2+ 39. Kf3 a5 40. Bxf5 Rxh2 41. Rb7 Rc3 42. Ra7 Ra3 43. Kf4 Ra1 44. g4 a4 45. Ke5 Rc1 46. e4 Rc6 47. Bd7 Rb6 48. Bxa4 Rhb2 49. Ra5 Kf7 50. Rd5 Re6+ 51. Kf4 Rf2+ 52. Ke3 Re2+ 53. Kxe2 Rxe4+ 54. Kf3 Rxa4 55. Rd6 h5 56. gxh5 Rh4 57. h6 Kg8 58. Kg3 Rh1 59. Kg4 Kh7 60. Kg5 Rg1+ 61. Kh5 Rh1+ 62. Kg5 1/2-1/2

[Event "Biel MTO op 45th"]
[Site "Biel"]
[Date "2012.07.24"]
[Round "2"]
[White "Weidemann, Christian"]
[Black "Le Roux, Jean Pierre"]
[Result "0-1"]
[WhiteElo "2299"]
[BlackElo "2559"]
[PlyCount "76"]
[EventDate "2012.07.23"]
[EventType "swiss"]
[EventRounds "11"]
[EventCountry "SUI"]
[SourceTitle "CBM 149 Extra"]
[Source "ChessBase"]
[SourceDate "2012.08.24"]
[SourceVersion "1"]
[SourceVersionDate "2012.08.24"]
[SourceQuality "1"]

1. e4 g6 2. d4 d6 3. Nc3 Bg7 4. f4 Nf6 5. Nf3 Na6 6. Be2 0-0 7. 0-0 c5 8. Bxa6 cxd4 9. Nxd4 bxa6 10. Kh1 Bb7 11. Qd3 Rc8 12. Nde2 Nd7 13. Bd2 Nc5 14. Qe3 Qb6 15. Ng3 Qxb2 16. Rfc1 Qb6 17. Rab1 Qc7 18. Nd5 Bxd5 19. exd5 Qd7 20. c4 Na4 21. Qa3 Rb8 22. Rb4 Rxb4 23. Qxb4 Rc8 24. Be3 h5 25. Ne4 Nb2 26. Nf2 Rc7 27. h3 a5 28. Qxa5 Nxc4 29. Qb4 Nb6 30. Rxc7 Qxc7 31. Qb5 Qc3 32. Nd3 Bd4 33. Qe8+ Kg7 34. Bxd4+ Qxd4 35. Qb5 Nxd5 36. Qa6 Nc3 37. a3 Ne2 38. a4 Qg1# 0-1